| 000 | 00604nam a2200205 i 4500 | ||
|---|---|---|---|
| 001 | 104927 | ||
| 003 | ES-MaACL | ||
| 005 | 20230906183727.0 | ||
| 007 | t| | ||
| 008 | 060529s1974 sp |||| | spa d | ||
| 020 | _a84-400-7044-6 | ||
| 080 | _a808.1:811.134.2 | ||
| 100 | 1 |
_aLineres, Mario. _972431 |
|
| 245 | 1 | 3 |
_aLa puntuación correcta / _cMario Linares. |
| 260 |
_aÁvila : _b[M. Linares, _c1974] |
||
| 300 |
_a154 p. ; _c19 cm. |
||
| 650 | 1 | 4 |
_aLengua española- _xPuntuación. _9141025 |
| 650 | 0 | 4 |
_aRedacción. _916706 |
| 852 |
_aES-MaACL _jE-11338 _z. - Biblioteca Jacinto Martínez Lacalle |
||
| 999 |
_c104927 _d104927 |
||